| Tag |
First Indicator |
Second Indicator |
Subfields |
| LEADER |
00000cam a2200000 a 4500 |
| 001 |
in00001016331 |
| 005 |
20150927221703.0 |
| 008 |
821001s1982 onca b 00110deng |
| 010 |
|
|
|a 82180376
|
| 020 |
|
|
|a 019540386X :
|c $24.95
|
| 020 |
|
|
|a 0195403878 (pbk.)
|
| 035 |
|
|
|a (OCoLC)08907136
|
| 035 |
|
|
|9 AFD8888AM
|
| 040 |
|
|
|a DLC
|c DLC
|d m/c
|d TXA
|d UtOrBLW
|
| 043 |
|
|
|a n-cn---
|
| 049 |
|
|
|a TXAM
|
| 050 |
0 |
0 |
|a F1034
|b .G69 1982
|
| 082 |
0 |
|
|a 971.063
|2 19
|
| 100 |
1 |
|
|a Granatstein, J. L.
|
| 245 |
1 |
4 |
|a The Ottawa men :
|b the civil service mandarins, 1935-1957 /
|c J.L. Granatstein.
|
| 264 |
|
1 |
|a Toronto :
|b Oxford University Press,
|c 1982.
|
| 300 |
|
|
|a xiv, 333 pages :
|b illustrations ;
|c 24 cm.
|
| 336 |
|
|
|a text
|b txt
|2 rdacontent
|
| 337 |
|
|
|a unmediated
|b n
|2 rdamedia
|
| 338 |
|
|
|a volume
|b nc
|2 rdacarrier
|
| 504 |
|
|
|a Bibliography: pages [322]-323.
|
| 500 |
|
|
|a Includes index.
|
| 651 |
|
0 |
|a Canada
|x Politics and government
|y 1914-1945.
|
| 651 |
|
0 |
|a Canada
|x Politics and government
|y 1945-1980.
|
| 650 |
|
0 |
|a Government executives
|z Canada.
|
| 651 |
|
0 |
|a Canada
|x Officials and employees.
|
| 999 |
|
|
|a MARS
|
| 999 |
f |
f |
|s 37c975b3-670a-3b58-a941-ff6a2fcdf75b
|i 22217477-65fa-3d98-a444-2d031af9fbf8
|t 0
|
| 952 |
f |
f |
|p ric
|a Texas A&M University
|b Rellis Campus
|c Joint Library Facility
|d Remote Storage
|t 0
|e F1034 .G69 1982
|h Library of Congress classification
|i unmediated -- volume
|m A14814343124
|
| 998 |
f |
f |
|a F1034 .G69 1982
|t 0
|l Remote Storage
|